Pays avec des voyelles changées - Statistiques

Statistiques générales
  • Ce quiz a été pris 120 fois
  • Le résultat moyen est 14 sur 18
Statistiques - réponses
Pays Pays % Correct
Aspogne Espagne
98%
Frinca France
98%
Grâce Grèce
96%
Canidé Canada
95%
Onde Inde
95%
Paname Panama
95%
Oitrache Autriche
93%
Miliasea Malaisie
82%
Gaanaa Guinée
74%
Bohêmes Bahamas
73%
Parée Pérou
72%
Châle Chili
70%
Muurutunuu Mauritanie
66%
Piroguée Paraguay
60%
Orin Iran
58%
Simaï Samoa
50%
Aigende Ouganda
39%
Soudé Suède
38%
Aucun quiz correspondant
Distribution des résultats
% des personnes avec chaque résultat
Percentile par nombre de réponses
Votre historique - résultats
Vous n’avez pas pris ce quiz